00550nam a2200157Ia 4500008004000000082001300040100004300053245004200096260003500138300001300173650001900186690002200205906001100227999001700238952013700255210210b2000 xxu||||| |||| 00| 0 eng d a324 NIMP aNIMMO (Dan D) and BONJEAN (Charles M). aPolitical attitudes & public opinion. aNYbDavid Mckay Co. Inc.c2000 aviii,568 aPublic opinion aPolitical Process a041858 c91769d91769 001040708Political ScienceaALbALcPolitical Scienced2021-02-17g0.00l0o324 NIMPp041858r2021-02-17 00:00:00w2021-02-17yBK